Крыльчатые водомеры с турбулизаторами воды; Приборы и системы. Управление, контроль, диагностика; № 2

Bibliografiska uppgifter
Parent link:Приборы и системы. Управление, контроль, диагностика: научно-технический и производственный журнал.— , 2000-
№ 2.— 2002.— С. 60-61
Huvudupphovsman: Викторов Г. В.
Språk:ryska
Publicerad: 2002
Serie:Измерения, контроль, диагностика
Ämnen:
Materialtyp: MixedMaterials Bokavsnitt
KOHA link:https://koha.lib.tpu.ru/cgi-bin/koha/opac-detail.pl?biblionumber=382424

MARC

LEADER 00000naa2a2200000 4500
001 382424
005 20231101062952.0
035 |a (RuTPU)RU\TPU\prd\6325 
090 |a 382424 
100 |a 20020912a2002 k y0rusy50 ca 
101 0 |a rus 
102 |a RU 
200 1 |a Крыльчатые водомеры с турбулизаторами воды  |f Г. В. Викторов 
225 1 |a Измерения, контроль, диагностика 
320 |a Библиогр.: 4 назв. 
461 1 |0 (RuTPU)RU\TPU\prd\1687  |t Приборы и системы. Управление, контроль, диагностика  |o научно-технический и производственный журнал  |d 2000- 
463 1 |0 (RuTPU)RU\TPU\prd\2451  |t № 2  |v С. 60-61  |d 2002 
610 1 |a водомеры 
610 1 |a тубулизатор воды 
610 1 |a питьевая вода 
610 1 |a счётчики 
610 1 |a водомерные счётчики 
700 1 |a Викторов  |b Г. В. 
801 1 |a RU  |b 63413507  |c 20020912  |g PSBO 
801 2 |a RU  |b 63413507  |c 20121008  |g PSBO 
942 |c BK